| 000 | 00659nam a2200277Ia 4500 | ||
|---|---|---|---|
| 008 | 210210b2010 xxu||||| |||| 00| 0 eng d | ||
| 020 | _a9788127247904 | ||
| 041 | _aeng | ||
| 082 | _a658.1511 GUPM | ||
| 100 | _aGUPTA (Shashi K) | ||
| 245 | _aManagement accounting: principles and practice Rev Ed 11 | ||
| 250 | _a | ||
| 260 |
_aLudhiana _bKalyani Publishers _c2010 |
||
| 300 | _a1491 | ||
| 650 | _aRev | ||
| 650 | _aprinciples | ||
| 650 | _apractice | ||
| 650 | _aManagement | ||
| 650 | _aEd | ||
| 650 | _aand | ||
| 650 | _aaccounting: | ||
| 650 | _a11 | ||
| 690 | _aManagement Accounting | ||
| 700 | _aSHARMA (R K) | ||
| 906 | _a066585 | ||
| 999 |
_c148082 _d148082 |
||